000 00405nam a22001697a 4500
003 MPLRDC
005 20220104123430.0
008 210129b ||||| |||| 00| 0 eng d
082 _a411.9 XMFN
100 _a夏木繁男著; 苏燕谋译
245 _a五分钟跳绳健身法
_c
250 _a三版
260 _a
_b大展出版社
_c1982
300 _b
650 _a
942 _cBK
_o411.9 XMFN
999 _c11386
_d11376